| 000 | 00415nam a22001457a 4500 | ||
|---|---|---|---|
| 005 | 20260302164233.0 | ||
| 041 | _aeng | ||
| 082 |
_223rd ed. _aH 891.433 _bBHA |
||
| 100 | _aBhatt, Shyam Sundar | ||
| 245 |
_aSindhupati Maharaj Shree Chachdev _cby Shyam Sundar Bhatt |
||
| 260 |
_aBhilwara _bShree Mahant Swami Hansram Udasi _c2010 |
||
| 300 |
_axvi, 182p.; _c22 cm. |
||
| 650 | _aHindi fiction | ||
| 942 | _cBK | ||
| 999 |
_c184514 _d184513 |
||